Score 0/22 Timer 10:00
0 Plays Today
% Correct
Atlantic Ocean
83.1%
Ural Mountains
73.6%
Volga River
72.6%
Scandinavian Peninsula
69.8%
Norwegian Sea
69.4%
Danube River
69.2%
Mediterranean Sea
68.5%
Alps Mountains
67.7%
Artic Ocean
67.3%
Rhine River
64.9%
Black Sea
63.7%
% Correct
North Sea
63.1%
Carpathian Mountains
62%
English Channel
61.6%
Iberian Peninsula
61.4%
Baltic Sea
60.4%
Caucasus Mountains
59.2%
Seine River
58.3%
Pyrenees Mountains
56.3%
Caspian Sea
53.4%
Adriatic Sea
47.7%
Mount Elbrus
18.9%
Remove Ads.
Support Sporcle.
Get the best of Sporcle when you Go Orange. This ad-free experience offers more features, more stats, and more fun while also helping to support Sporcle. Thank you for becoming a member.

You're not logged in!

Compare scores with friends on all Sporcle quizzes.
OR
Log In

Show Comments

Extras

Created Nov 17, 2020ReportNominate
Tags:Europe Quiz, feature, Physical

Top Quizzes Today


Score Distribution

Your Account Isn't Verified!

In order to create a playlist on Sporcle, you need to verify the email address you used during registration. Go to your Sporcle Settings to finish the process.

Report this User

Report this user for behavior that violates our Community Guidelines.

Details: